ČSN 73 2400 Provádění a kontrola betonových konstrukcí. Změna c-10/1977

Bibliographic Details
Format: Book
Language:Undetermined
Published: Praha Vydavatelství Úřadu pro normalizaci a měření 1977

MARC

LEADER 00000nam a2200000 a 4500
001 vtls001284639
003 SK-MaSNL
005 20260223124332.0
008 210928s1977 xx 0 und
035 |a SNK000236141 
040 |a SNK  |b slo  |c SNK  |e AACR2 
245 1 |a ČSN 73 2400 Provádění a kontrola betonových konstrukcí. Změna c-10/1977 
260 |a Praha  |b Vydavatelství Úřadu pro normalizaci a měření  |c 1977 
958 |a OND 
999 |c 541997  |d 543927 
952 |t P60, <04>, [BOOK], {604}  |a SNK  |b SNK  |y VYP  |7 0  |p 17A0062420  |o snkČSN 73 2400-Zb  |0 0  |1 0  |4 0  |d 1997-04-24  |l 0  |r 2005-01-02 00:00:00  |w 2026-02-23